<?xml version="1.0" encoding="UTF-8"?>
<record
    xmlns:xsi="http://www.w3.org/2001/XMLSchema-instance"
    xsi:schemaLocation="http://www.loc.gov/MARC21/slim http://www.loc.gov/standards/marcxml/schema/MARC21slim.xsd"
    xmlns="http://www.loc.gov/MARC21/slim">

  <leader>00832nam a22001937a 4500</leader>
  <controlfield tag="008">150803b        xxu||||| |||| 00| 0 eng d</controlfield>
  <datafield tag="020" ind1=" " ind2=" ">
    <subfield code="a">9789930949856</subfield>
  </datafield>
  <datafield tag="082" ind1=" " ind2=" ">
    <subfield code="a">708</subfield>
    <subfield code="b">Ch512ch</subfield>
  </datafield>
  <datafield tag="100" ind1=" " ind2=" ">
    <subfield code="a">Chavajay, Benvenuto</subfield>
    <subfield code="9">3150</subfield>
  </datafield>
  <datafield tag="245" ind1=" " ind2=" ">
    <subfield code="a">Chunches :  [Mololon tak nakun ] </subfield>
    <subfield code="c">Chavarr&#xED;a, Mar&#xED;a Jos&#xE9;. (curador)</subfield>
  </datafield>
  <datafield tag="260" ind1=" " ind2=" ">
    <subfield code="a">San Jos&#xE9;, Costa Rica :</subfield>
    <subfield code="b">Museo de Arte y Dise&#xF1;o Contempor&#xE1;neo</subfield>
    <subfield code="c">2015</subfield>
  </datafield>
  <datafield tag="300" ind1=" " ind2=" ">
    <subfield code="a">46 p. ;</subfield>
    <subfield code="b">il (col). ;</subfield>
    <subfield code="c">24 cm.</subfield>
  </datafield>
  <datafield tag="505" ind1=" " ind2=" ">
    <subfield code="r"> Resenterra, Fiorella</subfield>
    <subfield code="t">[el pasado est&#xE1; adelante ] NUTO</subfield>
  </datafield>
  <datafield tag="505" ind1=" " ind2=" ">
    <subfield code="r">Chavarr&#xED;a, Mar&#xED;a Jos&#xE9;</subfield>
    <subfield code="t">Chunches [Mololon tak Nakun]</subfield>
  </datafield>
  <datafield tag="505" ind1=" " ind2=" ">
    <subfield code="r">Payeras, Javier</subfield>
    <subfield code="t">[LA HISTORIA DE LA HERIDA]</subfield>
  </datafield>
  <datafield tag="650" ind1=" " ind2=" ">
    <subfield code="a">Arte contempor&#xE1;neo</subfield>
    <subfield code="v">Catalogo de arte</subfield>
    <subfield code="x">Exbici&#xF3;n</subfield>
    <subfield code="x">Artistas</subfield>
    <subfield code="z">Am&#xE9;rica Latina</subfield>
    <subfield code="9">3151</subfield>
  </datafield>
  <datafield tag="700" ind1=" " ind2=" ">
    <subfield code="a">Mclver, Natasha</subfield>
    <subfield code="e">Traductora</subfield>
    <subfield code="9">3152</subfield>
  </datafield>
  <datafield tag="700" ind1=" " ind2=" ">
    <subfield code="a">Artivia Vindas, Adriana</subfield>
    <subfield code="e">Fot&#xF3;grafa</subfield>
    <subfield code="9">3153</subfield>
  </datafield>
  <datafield tag="999" ind1=" " ind2=" ">
    <subfield code="c">702</subfield>
    <subfield code="d">702</subfield>
  </datafield>
  <datafield tag="952" ind1=" " ind2=" ">
    <subfield code="0">0</subfield>
    <subfield code="1">0</subfield>
    <subfield code="2">ddc</subfield>
    <subfield code="4">0</subfield>
    <subfield code="7">0</subfield>
    <subfield code="a">LV</subfield>
    <subfield code="b">LV</subfield>
    <subfield code="c">Monograf&#xED;as</subfield>
    <subfield code="d">2015-08-03</subfield>
    <subfield code="l">0</subfield>
    <subfield code="o">708 Ch512ch</subfield>
    <subfield code="p">004059</subfield>
    <subfield code="r">2015-08-03 00:00:00</subfield>
    <subfield code="w">2015-08-03</subfield>
    <subfield code="y">01</subfield>
  </datafield>
</record>
